Romancero historiado con mucha variedad de glosas y sonetos / (Record no. 163733)

MARC details
000 -LEADER
campo de control de longitud fija 01162nam a2200265 i 4500
001 - NÚMERO DE CONTROL
campo de control 163733
003 - IDENTIFICADOR DE NÚMERO DE CONTROL
campo de control ES-MaACL
005 - FECHA Y HORA DE LA ÚLTIMA TRANSACCIÓN
campo de control 20251012063056.0
008 - DATOS DE LONGITUD FIJA--INFORMACIÓN GENERAL
campo de control de longitud fija 940615s1875 sp |||| | spa d
080 ## - NÚMERO DE LA CLASIFICACIÓN DECIMAL UNIVERSAL
Número de la Clasificación Decimal Universal 821.134.2-14(082.2)
100 0# - ENTRADA PRINCIPAL--NOMBRE DE PERSONA
Nombre de persona Rodríguez, Lucas,
Fechas asociadas al nombre s. XVI
9 (RLIN) 98276
245 10 - MENCIÓN DEL TÍTULO
Título Romancero historiado con mucha variedad de glosas y sonetos /
Mención de responsabilidad, etc. por Lucas Rodríguez.
260 ## - PUBLICACIÓN, DISTRIBUCIÓN, ETC.
Lugar de publicación, distribución, etc. Madrid :
Nombre del editor, distribuidor, etc. [s.n.],
Fecha de publicación, distribución, etc. 1875 (
Fabricante Imp. de T. Fortanet)
300 ## - DESCRIPCIÓN FÍSICA
Extensión XIII, 464 p. :
Otras características físicas il. ;
Dimensiones 19 cm.
490 1# - MENCIÓN DE SERIE
Mención de serie Colección de libros españoles raros o curiosos ;
Designación de volumen o secuencia 10
530 ## - NOTA DISPONIBLE DE FORMULARIO FÍSICO ADICIONAL
Nota de formato físico adicional disponible Disponible en formato digital.
594 ## - Nota al título y mención de responsabilidad
Nota al título y mención de responsabilidad Reponsable de la ed.: José Núñez Prado.
599 ## - NOTA A LAS ILUSTRACIONES
NOTA A LAS ILUSTRACIONES Ilustraciones: reproducción de los grabados xilográficos de la ed. de 1585.
650 #4 - PUNTO DE ACCESO ADICIONAL DE MATERIA--TÉRMINO DE MATERIA
Término de materia o nombre geográfico como elemento de entrada Romances-
Subdivisión geográfica España.
9 (RLIN) 16935
700 1# - ENTRADA AGREGADA--NOMBRE PERSONAL
Nombre de persona Núñez de Prado, José
Títulos y otros términos asociados al nombre (militar)
9 (RLIN) 170152
830 10 - PUNTO DE ACCESO ADICIONAL DE SERIE-TÍTULO UNIFORME
Título uniforme Colección de libros españoles raros o curiosos
Designación de volumen o secuencia 10
9 (RLIN) 187911
852 4# - LOCALIZACIÓN
Ubicación ES-MaACL
Número de control de estantería R-2170-91
Nota libre - Enc. hol .Olim:G-13959.
856 4# - LOCALIZACIÓN Y ACCESO ELECTRÓNICOS
Identificador Uniforme de Recursos <a href="https://bibliotecadigital.jcyl.es/es/consulta/registro.do?id=33033">https://bibliotecadigital.jcyl.es/es/consulta/registro.do?id=33033</a>
Nota pública Biblioteca Digital de Castilla y León
Holdings
Estatus retirado Estado de pérdida Estado de daño No para préstamo Colección Biblioteca de origen Biblioteca actual Ubicación en estantería Fecha de adquisición Total de préstamos Signatura topográfica completa Código de barras Visto por última vez Precio de reemplazo Tipo de ítem Koha
        Colección digital Biblioteca del Ateneo de Madrid Biblioteca del Ateneo de Madrid Depósito 17/01/2008   R-2170-91 1171585 23/02/2023 23/02/2023 Libro impreso antiguo